| 000 | 00526nam a22001697a 4500 | ||
|---|---|---|---|
| 005 | 20260407164424.0 | ||
| 020 | _a978-981-10-3068-0 | ||
| 041 | _aeng | ||
| 082 |
_223rd. _a323.352095416 _bFRE |
||
| 100 | _aFreddy, Haans J. | ||
| 245 |
_aConflict and youth rights in India :engagement and identity in the North East _cHaans J. Freddy |
||
| 260 |
_aSingapore _bPalgrave MacMillan _c2017 |
||
| 300 |
_axviii,89p.; _c23cm. |
||
| 650 | _aYouth-Political activity-India, Northeastern | ||
| 856 | _uwww.palgrave.com | ||
| 942 | _cBK | ||
| 999 |
_c184604 _d184603 |
||